[Event "Skopje op-B"]
[Site "Skopje"]
[Date "2023.12.09"]
[Round "5"]
[White "Vesovski, Zoran"]
[Black "Schmit, Andrei Marian"]
[Result "0-1"]
[WhiteElo "1755"]
[BlackElo "1254"]
[PlyCount "94"]
[EventDate "2023.12.06"]
[EventType "swiss"]
[EventRounds "9"]
[EventCountry "MKD"]
[SourceTitle "CB51_2023"]
[SourceDate "2023.12.20"]
[SourceVersion "1"]
[SourceVersionDate "2023.12.20"]
[SourceQuality "1"]

1. d4 d5 2. c4 c6 3. e3 Nf6 4. Nc3 Bf5 5. Qb3 Qb6 6. Qa4 Nbd7 7. Be2 e6 8. a3 Qc7 9. Nf3 h6 10. h3 Be7 11. Bd2 dxc4 12. Qxc4 Nb6 13. Qa2 0-0 14. g4 Bg6 15. Rg1 Ne4 16. Rb1 Qb8 17. b4 a6 18. Qb3 Nxc3 19. Bxc3 Nd5 20. Ba1 Bd6 21. Bd3 Bxd3 22. Qxd3 a5 23. bxa5 Rxa5 24. Bb2 Qa7 25. Ra1 Rb5 26. Qc2 Qb6 27. Bc1 Rb3 28. Nd2 Rc3 29. Qa4 Qc7 30. Bb2 b5 31. Qd1 Nxe3 32. fxe3 Rxe3+ 33. Kf1 Rxh3 34. Qe2 Rh2 35. Qd3 Be7 36. Rg2 Bh4 37. Qf3 f5 38. g5 Bxg5 39. Ke2 Rxg2+ 40. Qxg2 Bxd2 41. Kxd2 Qf4+ 42. Kc3 Qc7 43. Rh1 Kh7 44. Rg1 g5 45. Kb3 Qd6 46. Rh1 Qd5+ 47. Kc3 Qxg2 0-1

[Event "ROM-chT Rapid"]
[Site "Sebes"]
[Date "2023.12.02"]
[Round "4.22"]
[White "Schmit, Andrei Marian"]
[Black "Vesa, Mihai Dragos"]
[Result "0-1"]
[WhiteElo "1282"]
[BlackElo "1007"]
[PlyCount "74"]
[EventDate "2023.12.02"]
[EventType "team-swiss (rapid)"]
[EventRounds "8"]
[EventCountry "ROU"]
[SourceTitle "CB49_2023"]
[SourceDate "2023.12.06"]
[SourceVersion "1"]
[SourceVersionDate "2023.12.06"]
[SourceQuality "1"]
[WhiteTeam "Cugir Metalurgistul II"]
[BlackTeam "Alba Iulia Unirea III"]
[WhiteTeamCountry "ROU"]
[BlackTeamCountry "ROU"]

1. d4 c5 2. Nf3 cxd4 3. Nxd4 Nf6 4. Nf3 Nc6 5. e3 e6 6. c4 Be7 7. Nc3 0-0 8. Be2 a6 9. 0-0 Qc7 10. h3 Rd8 11. Bd2 d5 12. cxd5 Nxd5 13. Nxd5 Rxd5 14. a3 b5 15. Qb3 Bb7 16. Rac1 Qd6 17. Bc3 Rc8 18. Nh2 Rg5 19. Rfd1 Qc7 20. Nf3 Rg6 21. Bd3 Rh6 22. Be5 Bd6 23. Bxd6 Qxd6 24. Be4 Qe7 25. Bxc6 Rxc6 26. Rxc6 Bxc6 27. Nd4 Bd5 28. Qc3 f6 29. Rc1 Rg6 30. f3 h6 31. Qc8+ Kh7 32. Qxa6 e5 33. Nf5 Qd7 34. e4 Bc4 35. Qd6 Qa7+ 36. Kh2 Qf2 37. Qd1 Qxg2# 0-1

[Event "ROM-chT Blitz"]
[Site "Sebes"]
[Date "2022.12.04"]
[Round "8.30"]
[White "Schmit, Andrei Marian"]
[Black "Nagy Elek, Tamas"]
[Result "0-1"]
[WhiteElo "1323"]
[BlackElo "1979"]
[PlyCount "48"]
[EventDate "2022.12.04"]
[EventType "team-swiss (blitz)"]
[EventRounds "8"]
[EventCountry "ROU"]
[SourceTitle "CBM 211 Extra"]
[Source "ChessBase"]
[SourceDate "2023.01.31"]
[SourceVersion "1"]
[SourceVersionDate "2023.01.31"]
[SourceQuality "1"]
[WhiteTeam "Cugir CSO II"]
[BlackTeam "Targu Mures Juvenes"]
[WhiteTeamCountry "ROU"]
[BlackTeamCountry "ROU"]

1. d4 d5 2. Nf3 Nf6 3. Bf4 c5 4. c3 Nc6 5. e3 Qb6 6. Qb3 c4 7. Qxb6 axb6 8. Be2 b5 9. Nbd2 e6 10. 0-0 b4 11. Rfc1 Be7 12. Ne5 0-0 13. Nxc6 bxc6 14. cxb4 Bxb4 15. a3 Bxd2 16. Rc2 Bb4 17. Rac1 Be7 18. f3 Bd7 19. Kf2 Nh5 20. Bg3 Nxg3 21. hxg3 Rfb8 22. e4 Rb7 23. Ke3 Rab8 24. Rb1 Bxa3 0-1